<?xml version="1.0" encoding="UTF-8"?>
<record
    xmlns:xsi="http://www.w3.org/2001/XMLSchema-instance"
    xsi:schemaLocation="http://www.loc.gov/MARC21/slim http://www.loc.gov/standards/marcxml/schema/MARC21slim.xsd"
    xmlns="http://www.loc.gov/MARC21/slim">

  <leader>01587    a2200205   4500</leader>
  <controlfield tag="001">45433</controlfield>
  <controlfield tag="005">20260407155726.0</controlfield>
  <controlfield tag="008">260407a1992    arg                 spa d</controlfield>
  <controlfield tag="003">AR-UNSa-BCEJYS</controlfield>
  <datafield tag="040" ind1=" " ind2=" ">
    <subfield code="a">AR-UNSa-BCEJYS</subfield>
    <subfield code="b">spa</subfield>
    <subfield code="c">AR-UNSa-BCEJYS</subfield>
  </datafield>
  <datafield tag="080" ind1=" " ind2=" ">
    <subfield code="a">349.2</subfield>
    <subfield code="x">Derecho del Trabajo</subfield>
  </datafield>
  <datafield tag="245" ind1="1" ind2="0">
    <subfield code="a">Elementos del derecho del trabajo y de la seguridad social</subfield>
  </datafield>
  <datafield tag="250" ind1=" " ind2=" ">
    <subfield code="a">3a. ed</subfield>
  </datafield>
  <datafield tag="264" ind1=" " ind2="1">
    <subfield code="a">Buenos Aires :</subfield>
    <subfield code="b">Astrea</subfield>
    <subfield code="c">1992</subfield>
  </datafield>
  <datafield tag="300" ind1=" " ind2=" ">
    <subfield code="a">xxxix, 781 p.</subfield>
    <subfield code="c">20 cm.</subfield>
  </datafield>
  <datafield tag="505" ind1=" " ind2=" ">
    <subfield code="a">Parte I : Parte general : 1. Evoluci&#xF3;n del trabajo dirigido &#x2013; 2. Introducci&#xF3;n al derecho del trabajo &#x2013; 3. &#xC1;mbitos del derecho del trabajo - - Parte II : Derecho individual del trabajo : 4. Contrato de trabajo. Elementos &#x2013; 5. Derechos y obligaciones de las partes &#x2013; 6. Modalidades del contrato de trabajo  - 7. Remuneraci&#xF3;n &#x2013; 8. R&#xE9;gimen legal del descanso &#x2013; 9. R&#xE9;gimen de trabajo de mujeres y menores &#x2013; 10. Suspensi&#xF3;n de ciertos efectos del contrato de trabajo &#x2013; 11. Transferencia del contrato de trabajo &#x2013; 12. Extinci&#xF3;n del contrato de trabajo &#x2013; 13. Prescripci&#xF3;n y caducidad - - Parte III : Derecho colectivo del trabajo : 14. Introducci&#xF3;n &#x2013; 15. R&#xE9;gimen legal de las asociaciones gremiales de trabajadores &#x2013; 16. Negociaci&#xF3;n colectiva &#x2013; 17. R&#xE9;gimen legal de convenios colectivos en la Argentina &#x2013; 18. Conflictos colectivos de trabajo &#x2013; 19. Medidas de acci&#xF3;n directa - - Parte IV : Derecho de la seguridad social : 20. Parte general &#x2013; 21. Parte especial.    </subfield>
  </datafield>
  <datafield tag="942" ind1=" " ind2=" ">
    <subfield code="c">BK</subfield>
  </datafield>
  <datafield tag="590" ind1=" " ind2=" ">
    <subfield code="a">niveau_biblio:m niveau_hierar:0</subfield>
  </datafield>
  <datafield tag="100" ind1="1" ind2=" ">
    <subfield code="a">Mart&#xED;nez Vivot, Julio Jos&#xE9;</subfield>
  </datafield>
  <datafield tag="999" ind1=" " ind2=" ">
    <subfield code="c">3924</subfield>
    <subfield code="d">3924</subfield>
  </datafield>
  <datafield tag="952" ind1=" " ind2=" ">
    <subfield code="0">0</subfield>
    <subfield code="1">0</subfield>
    <subfield code="4">0</subfield>
    <subfield code="7">0</subfield>
    <subfield code="a">BCEJYS</subfield>
    <subfield code="b">BCEJYS</subfield>
    <subfield code="c">16</subfield>
    <subfield code="d">2026-04-07</subfield>
    <subfield code="l">0</subfield>
    <subfield code="o">349.2 M378 3ed.</subfield>
    <subfield code="p">L58521</subfield>
    <subfield code="r">2026-04-07 15:57:26</subfield>
    <subfield code="w">2026-04-07</subfield>
    <subfield code="y">L</subfield>
  </datafield>
  <datafield tag="952" ind1=" " ind2=" ">
    <subfield code="0">0</subfield>
    <subfield code="1">0</subfield>
    <subfield code="4">0</subfield>
    <subfield code="7">0</subfield>
    <subfield code="a">BCEJYS</subfield>
    <subfield code="b">BCEJYS</subfield>
    <subfield code="c">16</subfield>
    <subfield code="d">2026-04-07</subfield>
    <subfield code="l">0</subfield>
    <subfield code="o">349.2 M378 3ed.</subfield>
    <subfield code="p">L58523</subfield>
    <subfield code="r">2026-04-07 15:57:26</subfield>
    <subfield code="w">2026-04-07</subfield>
    <subfield code="y">L</subfield>
  </datafield>
  <datafield tag="952" ind1=" " ind2=" ">
    <subfield code="0">0</subfield>
    <subfield code="1">0</subfield>
    <subfield code="4">0</subfield>
    <subfield code="7">0</subfield>
    <subfield code="a">BCEJYS</subfield>
    <subfield code="b">BCEJYS</subfield>
    <subfield code="c">16</subfield>
    <subfield code="d">2026-04-07</subfield>
    <subfield code="l">0</subfield>
    <subfield code="o">349.2 M378 3ed.</subfield>
    <subfield code="p">L70072</subfield>
    <subfield code="r">2026-04-07 15:57:26</subfield>
    <subfield code="w">2026-04-07</subfield>
    <subfield code="y">L</subfield>
  </datafield>
</record>
